000 01667cam a2200445 i 4500
001 200468064
003 TR-AnTOB
005 20260413112212.0
007 ta
008 260413r19781977nyu 000 1 eng
010 _a 97028954
020 _a0140048456
_q(paperback)
035 _a(CLU)7392384-ucladb-Voyager
035 _a(OCoLC)123270661
035 _a(OCoLC)ocn123270661
035 _a(EXLNZ-01UCS_NETWORK)9912850543506531
035 _a(TR-AnTOB)200468064
040 _aDLC
_beng
_erda
_cSTF
_dBAKER
_dOCLCG
_dDEBBG
_dBDX
_dOCLCF
_dOCLCO
_dOCLCQ
_dWCM
_dOCLCO
_dOCL
_dBKL
_dDEHBZ
_dOCLCQ
_dOCLCO
_dIL4J6
_dOCLCQ
_dOCLCO
_dOCLCL
_dIG#
_dOCLCL
_dCUD
_dOCLCO
_dTR-AnTOB
041 0 _aeng
043 _an-us---
050 0 4 _aPS3553.O633
_bP8 1978
090 _aPS3553.O633
_bP8 1978
100 1 _aCoover, Robert
_eauthor
_4aut
_9153582
245 1 4 _aThe public burning /
_cRobert Coover.
264 1 _aHarmondsworth :
_bPenguin Books,
_c1978.
300 _a653 pages ;
_c18 cm
336 _atext
_btxt
_2rdacontent
337 _aunmediated
_bn
_2rdamedia
338 _avolume
_bnc
_2rdacarrier
500 _aOriginally published: New York: Viking Press, 1977.
600 1 0 _aRosenberg, Julius,
_d1918-1953
_vFiction
_9148076
600 1 0 _aRosenberg, Ethel,
_d1915-1953
_vFiction
_9148077
650 0 _aTrials (Espionage)
_vFiction
_9153583
650 0 _aCommunists
_vFiction
_9153584
655 7 _aHistorical fiction
_2lcgft
_0http://id.loc.gov/authorities/genreForms/gf2014026370
_95021
655 7 _aBiographical fiction
_2lcgft
_0http://id.loc.gov/authorities/genreForms/gf2014026246
_95330
942 _2lcc
_cBK
999 _c200468064
_d86276